000 01177nam a2200265 u 4500
001 000482534
003 AM-YeHGA
005 20250617134150.0
008 060331s1978 ||| r 000 0 rus d
040 _aAM-YeHGA
041 1 _arus
245 0 0 _aСкандинавская баллада /
_cАН СССР; Изд. подгот.: Г.В. Воронкова, Игн. Ивановский, М.И. Стеблин-Каменский.
260 _aЛенинград :
_bНаука. Ленингр. отд-ние,
_c1978.
300 _a271 с.
490 1 _aЛитературные памятники / Редкол.: Д.С. Лихачев и др.
650 1 4 _aСкандинавская литература
653 0 _aБаллады скандинавские
653 0 _aЛитература Исландии - 9-17 вв. (средние века)
653 0 _aБаллады (х. л.)
700 1 _aВоронков, Г.В.
_eсост.
_4com
700 1 _aИвановский, Игн.
_eсост.
_4com
700 1 _aСтеблин-Каменский, М.И.
_eсост.
_4com
830 0 _aЛитературные памятники
090 _c178804
999 _c177360
_d177360